000 00913nam a22003017a 4500
001 3425
003 FISKH
005 20250612123128.0
008 240304b cb ||||| |||| 00| 0 eng d
020 _a708431201934
040 _aFISKH
_beng
_cFISKH
_dFISKH
050 _a546
082 _aPZ7
100 _aAmerikaner, Sussan
_eauthor
245 _aHandy Manny's motorcycle adventure /
_cby Susan Amerikaner ; illustrated by Kelvin Nguyen
260 _aCalifornia :
_bLeapFrog Enterprise ,
_c2009
300 _a25 pages :
_bcolor illustrations ;
_c24 cm .
490 _aHandy Manny
505 _aJ
520 _aHandy Manny goes on a motorcycle adventure.
521 8 _a500
_bLexile estimate
521 8 _aJ
_bRaz-Plus
600 _2Handy Manny
_vFiction
650 _amotorcycle
_vFiction
700 _aNguyen, Kelvin
_eillustrator
942 _2ddc
_cBK
_n0
999 _c3425
_d3425